00258nam a2200097Ia 4500008004100000100001900041245003000060245002000090260000900110856004100119160531s9999 xx 000 0 und d aTodorov, Ivan. aQuantization is a Mystery cby Ivan Todorov c2012 uhttp://arxiv.org/pdf/1206.3116v1.pdf